000 00327nam a22001337a 4500
008 170620b xxu||||| |||| 00| 0 eng d
020 _a9780618907151
041 _aeng
080 _a32
100 _a20
101 _aSHP
245 _aWHY POLITICS MATTERS: AN INTRODUCTION TO POLITICAL SCIENCE
_cDOOLEY,K.L
942 _2udc
_cBK
999 _c18228
_d18228